000 00833nam a2200217 4500
001 139614
003 ES-MaACL
007 t|
008 070214s1983 mx r ||||1| spa d
100 1 _aSchenk, H. G.
_9104301
245 1 3 _aEl espíritu de los románticos europeos
_b: ensayo sobre Historia de la cultura /
_cH. G. Schenk ; con prefacio de Isaiah Berlín ; [traducción de Juan José Utrilla].
250 _a1ª ed.
260 _aMéxico :
_bFondo de Cultura Económica,
_c1983.
300 _a308 p., 9 lám. ;
_c21 cm.
490 1 _aSección de obras de Lengua y estudios literarios
700 _aBerlin, Isaiah,
_d1909-1997
_9239356
700 1 _aUtrilla, Juan José.
_9112336
830 0 _aSección de obras de Lengua y estudios literarios
_9187136
852 _aES-MaACL
_jL-6567
_bR.106909
999 _c139614
_d139614